|
|
|
|
| LEADER |
01109naa a2200217 i 4500 |
| 001 |
acta78843 |
| 005 |
20230523115725.0 |
| 008 |
230523s2023 hu o 1|| hun d |
| 020 |
|
|
|a 978-615-5946-96-7
|
| 040 |
|
|
|a SZTE Egyetemi Kiadványok Repozitórium
|b hun
|
| 041 |
|
|
|a hun
|
| 041 |
|
|
|a eng
|
| 100 |
1 |
|
|a Jakab Natália
|
| 245 |
1 |
0 |
|a Selfie - Digitális intézményi önarckép egy nemzetiségi intézményben
|h [elektronikus dokumentum] :
|b [absztrakt] /
|c Jakab Natália
|
| 260 |
|
|
|a Szegedi Tudományegyetem Juhász Gyula Pedagógusképző Kar Szakképzési, Felnőttképzési és Tudásmenedzsment Intézet Művelődéstudományi Tanszék
|b Szeged
|c 2023
|
| 490 |
0 |
|
|a Generációk - egymás közt
|
| 650 |
|
4 |
|a Társadalomtudományok
|
| 650 |
|
4 |
|a Oktatástudomány
|
| 695 |
|
|
|a Digitális oktatás - módszer - előadáskivonat, Oktatás - számítógép alkalmazása - előadáskivonat, Kérdőíves felmérés - előadáskivonat
|
| 711 |
|
|
|a Generációk - egymás közt
|c Szeged
|d 2023. május 11-12.
|
| 856 |
4 |
0 |
|u http://acta.bibl.u-szeged.hu/78843/1/generaciok_egymas_kozt_2023_023.pdf
|z Dokumentum-elérés
|